Responses for Show #1663 - Wednesday, November 20, 1991

Missing introductions.

Contestants

[<< previous game]

Sam Abloeser, from Havertown, Pennsylvania

Andy Berm, a biomedical researcher from

Josh Vincent, a waiter and a chef from Brigantine, New Jersey (whose 1-day cash winnings total $12,700)

[next game >>]

Jeopardy! Round responses

SCIENCE
'70s SITCOMS
COSMETICS
VOCABULARY
THE GRAMMYS
GOULASH
    $100 6
an orbit

Andy
    $100 1
The Odd Couple

Andy
    $100 17
(Sam: What is... kissing?)
(Alex: No.
[Laughter]
(Andy: What is putting on her Calvins?)
(Alex: No.)
[Louder laughter]
...
(Alex: But I enjoyed both Andy's response and Sam's.)
[Laughter]
(Alex: A lot of fun on that one.)

before applying lipstick

AndySam
Triple Stumper
    $100 21
twiddle

Sam
    $100 9
James Brown

Josh
    $100 14
a sari

Andy
    $200 7
glass

Josh
    $200 2
Taxi

Andy
    $200 18
(Josh: What is [**]?)
[Ruled incorrect; reversed after the break.]

blush (rouge)

JoshSam
    $200 22
pregnant (with child)

Sam
    $200 10
Willie Nelson

Andy
    $200 15
[The contestants were shown throughout the clue's reading without the text of the clue being displayed.]

When in the course of human events

Andy
    $300 8
(Sam: What is peroxide?)
(Alex: Be more specific.)

hydrogen peroxide

Sam
    $300 3
Archie Bunker

Josh
    $300 28
mascara

Andy
    $300 23
(Andy: What is 10?)

5

JoshAndy
    $300 11
The Rockford Files

Andy
    $300 16
New Jersey

Josh
    $400 12
graphite

Andy
    $400 4
(Sam: What is "Out of sight"?)

"Dyn-o-mite!"

JoshSam
    $400 29
cold cream

Triple Stumper
    $400 26
a salmon

Andy
    $400 19
Peggy Lee

Triple Stumper
    $400 24
(Alex: [After the next clue selection] Less than a minute to go in the round.)

Gilbert Stuart

Josh
    $1,200 13
(Andy: What are steroids?)

hormones

Andy
    $500 5
Radar O'Reilly

Andy
    $500 30
henna

Andy
    $500 27
scuttle

Josh
    $500 20
(Steve) Martin

Sam
    $500 25
(Arthur) Schlesinger (Jr.)

Josh

Scores at the first commercial break (after clue 15):

Josh Andy Sam
$1,000 $900 -$100

Scores at the end of the Jeopardy! Round:

Josh Andy Sam
$3,200 $1,700 $800

Double Jeopardy! Round responses

1956
ISLANDS
LEGAL LINGO
BALLET
HISTORIC NICKNAMES
"X", "Y" & "Z"
    $200 2
the Olympics

Andy
    $200 8
Tahiti

Andy
    $200 1
slander

Josh
    $200 21
The Beach Boys

Josh
    $200 16
Erwin Rommel

Josh
    $200 26
Xerox

Andy
    $400 3
Barnum's & Bailey's Circus

Sam
    $400 9
the Falklands

Josh
    $400 4
ipso facto

Andy
    $400 22
the nutcracker

Andy
    $400 17
John Paul Jones

Andy
    $400 27
yaks

Triple Stumper
    $600 13
The $64,000 Question

Josh
    $600 10
Sri Lanka

Josh
    $600 5
a grand jury

Andy
    $600 23
(Andy: What is A Midsummer's Night's Dream?)
(Alex: [*], yes.)

A Midsummer Night's Dream

Andy
    $600 18
Farouk

Josh
    $600 28
a zygote

Andy
    $800 14
Arthur Miller

Josh
    $800 11
the Bering Sea

Josh
    $800 6
corpus delicti

Andy
    $800 24
Swan Lake

Andy
    $2,000 19
(Josh: Who is Chaucer?)
(Alex: Nope, sorry, he wrote a long poem, On His Blindness--[*].)

John Milton

Josh
    $800 29
(Andy: What are Yaquis?)

the Zuni

Andy
Triple Stumper
    $1000 15
Don Larsen

Josh
    $1000 12
Antigua

Sam
    $1000 7
prima facie

Andy
    $1,500 25
(Alex: You're now in the lead with less than a minute to go.)

Anastasia

Andy
    $1000 20
Alf Landon

Josh
    $1000 30
xenophobia

Josh

Scores at the end of the Double Jeopardy! Round:

Josh Andy Sam
$8,600 $8,600 $2,200

[wagering suggestions for these scores]

Final Jeopardy! Round responses

INTERNATIONAL CUISINE
SamWhat is Yorkshire Pudding
$200
AndyWhat is Welsh rarebit
$8,600
JoshWhat is Haggis???
$8,600
haggis

Final scores:

Josh Andy Sam
$17,200 $0 $2,000
2-day champion: $29,900 3rd place: Mag-Nif Inc. coin banks, puzzles & games + Nintendo Entertainment System with Super Jeopardy! & Wheel of Fortune + InfoGenius for Game Boy 2nd place: La-Z-Boy sofa + S&S Mills carpeting

Game dynamics:

Coryat scores:

Josh Andy Sam
$10,600 $9,300 $2,200
22 R,
1 W
(including 1 DD)
25 R
(including 1 DD),
4 W
(including 1 DD)
7 R,
2 W

Combined Coryat: $22,100

[game clues] [game scores] [suggest correction]

Game tape date: 1991-09-11
The J! Archive is created by fans, for fans. Scraping, republication, monetization, and malicious use prohibited; this site may use cookies and collect identifying information. See terms. The Jeopardy! game show and all elements thereof, including but not limited to copyright and trademark thereto, are the property of Jeopardy Productions, Inc. and are protected under law. This website is not affiliated with, sponsored by, or operated by Jeopardy Productions, Inc. Join the discussion at JBoard.tv.